| 000 | 00853nam0a22002891 4500 | ||
|---|---|---|---|
| 001 | 2569121 | ||
| 005 | 20251118181751.9 | ||
| 021 |
_aRU _b78-56185 |
||
| 035 | _a(NLR Aleph) 006453194 | ||
| 090 |
_a5759806 _c5759806 |
||
| 100 | _a20110316d1978 u y0rusy50 ca | ||
| 101 | 1 |
_arus _adan _crus |
|
| 102 | _aRU | ||
| 105 | _aa z ||||| | ||
| 200 | 1 |
_aMålrettet uddannelses eksplosion _fLev Bobrov |
|
| 210 |
_aMoskva _cPresse-bureauet Novosti's forl. _d1978 |
||
| 215 |
_a60 с., 8 л. ил. _d17 |
||
| 225 | 1 | _aDemokrati. Hvordan det sovjetiske demokrati fungerer | |
| 686 |
_aЧ34(2),0 _2rubbk |
||
| 686 |
_aЧ31,6(2),0 _2rubbk |
||
| 700 | 1 |
_aБобров _bЛ.В. _gЛев Викторович |
|
| 801 | 0 |
_aRU _bNLR _gpsbo |
|
| 801 | 1 |
_aRU _bELAR _2rusmarc |
|
| 852 |
_aNLR _jDesideratum |
||
| 899 |
_aRuMoRGB _jИн 78-1/183 |
||
| 942 | _cBOOK | ||
| 980 | _aNB | ||